| 000 | 00755 a2200205 4500 | ||
|---|---|---|---|
| 010 | _aENG-89998 | ||
| 020 |
_a8175152796 _c360.00 |
||
| 035 | _aEN-73531 | ||
| 037 | _bDBAD / PUB | ||
| 082 | 1 | 4 | _a005.7 |
| 090 |
_c12148 _d12148 |
||
| 245 | 1 |
_aBasis administration for SAP / _cby Robert E. Parkinson...[et al] |
|
| 260 |
_aNew Delhi _bGalgotia Publications _c2007 (repr). |
||
| 270 |
_a5, Ansari Road, Darya Ganj _bNew Delhi _cDelhi _e110002 |
||
| 300 |
_axxiv, 579p. _c25 cm. (Pbk) |
||
| 490 | _aPRIMA TECH's SAP series / edited by Gareth M. de Bruyn [and] Robert W. Lyfareff | ||
| 500 | _aIncludes index | ||
| 942 |
_adpl _cEN _k005.7 / BAS |
||
| 999 |
_c11794 _d11794 |
||